<?xml version="1.0" encoding="UTF-8"?>
<record
    xmlns:xsi="http://www.w3.org/2001/XMLSchema-instance"
    xsi:schemaLocation="http://www.loc.gov/MARC21/slim http://www.loc.gov/standards/marcxml/schema/MARC21slim.xsd"
    xmlns="http://www.loc.gov/MARC21/slim">

  <leader>03000nam a2200433 i 4500</leader>
  <controlfield tag="001">ebr10849012</controlfield>
  <controlfield tag="003">CaPaEBR</controlfield>
  <controlfield tag="006">m     o  d        </controlfield>
  <controlfield tag="007">cr cn|||||||||</controlfield>
  <controlfield tag="008">131213t20142014gw      ob    001 0 eng|d</controlfield>
  <datafield tag="020" ind1=" " ind2=" ">
    <subfield code="z">9783110339345 (hardcover : alk. paper)</subfield>
  </datafield>
  <datafield tag="020" ind1=" " ind2=" ">
    <subfield code="a">9783110339529 (e-book)</subfield>
  </datafield>
  <datafield tag="040" ind1=" " ind2=" ">
    <subfield code="a">CaPaEBR</subfield>
    <subfield code="b">eng</subfield>
    <subfield code="e">rda</subfield>
    <subfield code="e">pn</subfield>
    <subfield code="c">CaPaEBR</subfield>
  </datafield>
  <datafield tag="035" ind1=" " ind2=" ">
    <subfield code="a">(OCoLC)867682374</subfield>
  </datafield>
  <datafield tag="050" ind1="1" ind2="4">
    <subfield code="a">PJ5116</subfield>
    <subfield code="b">.Y53 2014eb</subfield>
  </datafield>
  <datafield tag="082" ind1="0" ind2="4">
    <subfield code="a">439/.15</subfield>
    <subfield code="2">23</subfield>
  </datafield>
  <datafield tag="245" ind1="0" ind2="0">
    <subfield code="a">Yiddish language structures /</subfield>
    <subfield code="c">edited by Marion Aptroot, Bj&#xFFFD;orn Hansen.</subfield>
  </datafield>
  <datafield tag="264" ind1=" " ind2="1">
    <subfield code="a">Berlin ;</subfield>
    <subfield code="a">Boston :</subfield>
    <subfield code="b">De Gruyter Mouton,</subfield>
    <subfield code="c">[2014]</subfield>
  </datafield>
  <datafield tag="264" ind1=" " ind2="4">
    <subfield code="c">&#xFFFD;2014</subfield>
  </datafield>
  <datafield tag="300" ind1=" " ind2=" ">
    <subfield code="a">1 online resource (305 pages).</subfield>
  </datafield>
  <datafield tag="336" ind1=" " ind2=" ">
    <subfield code="a">text</subfield>
    <subfield code="2">rdacontent</subfield>
  </datafield>
  <datafield tag="337" ind1=" " ind2=" ">
    <subfield code="a">computer</subfield>
    <subfield code="2">rdamedia</subfield>
  </datafield>
  <datafield tag="338" ind1=" " ind2=" ">
    <subfield code="a">online resource</subfield>
    <subfield code="2">rdacarrier</subfield>
  </datafield>
  <datafield tag="490" ind1="1" ind2=" ">
    <subfield code="a">Empirical approaches to language typology,</subfield>
    <subfield code="x">0933-761X ;</subfield>
    <subfield code="v">52</subfield>
  </datafield>
  <datafield tag="504" ind1=" " ind2=" ">
    <subfield code="a">Includes bibliographical references and index.</subfield>
  </datafield>
  <datafield tag="505" ind1="0" ind2=" ">
    <subfield code="a">Noun plurals in Israeli Hasidic Yiddish : a psycholinguistic  perspective / Netta Abugov and Dorit Ravid (Tel Aviv) -- Language change in a bilingual community : the preposition far in Israeli Haredi Yiddish / Dalit Assouline (Haifa) -- The foundations of written Yiddish among Haredi Satmar Jews / Steffen Krogh (&#xFFFD;Arhus) -- The (original) unity of Western and Eastern Yiddish : an assessment based on morpho-syntactic phenomena / J&#xFFFD;urg Fleischer (Marburg) -- Changes in the position of the finite verb in older Yiddish / Henrike K&#xFFFD;uhnert (Jena/Cambridge) and Esther-Miriam Wagner (Jena) -- Yiddish modals, with special reference to their polyfunctionality and constructional properties / Bj&#xFFFD;orn Hansen (Regensburg) -- On negation, indefinites, and negative indefinites in Yiddish / Johan van der Auwera and Paul Gybels (Antwerp) -- On superordinate az-clauses in Yiddish narrative / Moshe Taube (Jerusalem) -- Aspects of Yiddish adjective formation : nasal suffixes creativity across a dual heritage / Simon Neuberg (Trier) -- Yiddish passive constructions : a case study based on the new Corpus of Modern Yiddish / Sandra Birzer (Regensburg).</subfield>
  </datafield>
  <datafield tag="588" ind1=" " ind2=" ">
    <subfield code="a">Description based on print version record.</subfield>
  </datafield>
  <datafield tag="590" ind1=" " ind2=" ">
    <subfield code="a">Electronic reproduction. Palo Alto, Calif. : ebrary, 2014. Available via World Wide Web. Access may be limited to ebrary affiliated libraries.</subfield>
  </datafield>
  <datafield tag="650" ind1=" " ind2="0">
    <subfield code="a">Yiddish language</subfield>
    <subfield code="x">Grammar.</subfield>
  </datafield>
  <datafield tag="650" ind1=" " ind2="0">
    <subfield code="a">Yiddish language</subfield>
    <subfield code="x">Usage.</subfield>
  </datafield>
  <datafield tag="650" ind1=" " ind2="0">
    <subfield code="a">Linguistic change.</subfield>
  </datafield>
  <datafield tag="655" ind1=" " ind2="0">
    <subfield code="a">Electronic books.</subfield>
  </datafield>
  <datafield tag="700" ind1="1" ind2=" ">
    <subfield code="a">Aptroot, Marion,</subfield>
    <subfield code="e">editor of compilation.</subfield>
  </datafield>
  <datafield tag="700" ind1="1" ind2=" ">
    <subfield code="a">Hansen, Bj&#xFFFD;orn,</subfield>
    <subfield code="d">1964-</subfield>
    <subfield code="e">editor of compilation.</subfield>
  </datafield>
  <datafield tag="776" ind1="0" ind2="8">
    <subfield code="i">Print version:</subfield>
    <subfield code="t">Yiddish language structures.</subfield>
    <subfield code="d">Berlin : De Gruyter Mouton, [2014]</subfield>
    <subfield code="k">Empirical approaches to language typology ; 52</subfield>
    <subfield code="x">0933-761X ;</subfield>
    <subfield code="z">9783110339345</subfield>
    <subfield code="w">(DLC)10849012</subfield>
  </datafield>
  <datafield tag="797" ind1="2" ind2=" ">
    <subfield code="a">ebrary.</subfield>
  </datafield>
  <datafield tag="830" ind1=" " ind2="0">
    <subfield code="a">Empirical approaches to language typology ;</subfield>
    <subfield code="v">52.</subfield>
  </datafield>
  <datafield tag="856" ind1="4" ind2="0">
    <subfield code="u">http://site.ebrary.com/lib/rucke/Doc?id=10849012</subfield>
    <subfield code="z">An electronic book accessible through the World Wide Web; click to view</subfield>
  </datafield>
  <datafield tag="999" ind1=" " ind2=" ">
    <subfield code="c">98937</subfield>
    <subfield code="d">98937</subfield>
  </datafield>
</record>
